Т. 2: Директивные материалы, общие положения, правила, нормы, инструкции; Справочник по технике безопасности, противопожарной технике и производственной санитарии

Podrobná bibliografie
Parent link:Справочник по технике безопасности, противопожарной технике и производственной санитарии: В 4 т./ Под ред. А. И. Игнатка. Т. 2: Директивные материалы, общие положения, правила, нормы, инструкции.— 4-е изд., перераб..— , 1970-
Jazyk:ruština
Vydáno: 1970
Témata:
Médium: MixedMaterials Kniha
KOHA link:https://koha.lib.tpu.ru/cgi-bin/koha/opac-detail.pl?biblionumber=61051

MARC

LEADER 00000nam2a2200000 4500
001 61051
005 20231031062321.0
035 |a (RuTPU)RU\TPU\book\64580 
035 |a RU\TPU\book\64579 
090 |a 61051 
100 |a 20040301d1970 km y0rusy50 ca 
101 0 |a rus 
102 |a RU 
105 |a a g 000zy 
200 0 |a Т. 2: Директивные материалы, общие положения, правила, нормы, инструкции 
210 |d 1970 
215 |a 663 с.  |c ил 
461 1 |0 (RuTPU)RU\TPU\book\64570  |t Справочник по технике безопасности, противопожарной технике и производственной санитарии  |o В 4 т.  |f Под ред. А. И. Игнатка  |v Т. 2: Директивные материалы, общие положения, правила, нормы, инструкции  |e 4-е изд., перераб.  |d 1970- 
610 1 |a техника безопасности 
610 1 |a противопожарная техника 
610 1 |a производственная санитария 
610 1 |a директивные материалы 
610 1 |a правила 
610 1 |a нормы 
610 1 |a инструкции 
610 1 |a положения 
675 |a 620.4(035)  |v 3 
801 1 |a RU  |b 63413507  |c 20040301  |g PSBO 
801 2 |a RU  |b 63413507  |c 20161108  |g PSBO 
942 |c BK